| 000 | 00337nam a22001457a 4500 | ||
|---|---|---|---|
| 003 | OSt | ||
| 005 | 20160727222410.0 | ||
| 008 | 160624b xxu||||| |||| 00| 0 eng d | ||
| 040 | _cTest | ||
| 100 |
_9972 _aBlyton, G |
||
| 245 | _aThird Bedtime Book | ||
| 260 |
_aLon _b Collins Group _c1957 |
||
| 300 | _aThird Bedtime Book | ||
| 942 |
_2ddc _cBK |
||
| 999 |
_c774 _d774 |
||